| 000 | 00440nam a2200145 a 4500 | ||
|---|---|---|---|
| 001 | 000033718 | ||
| 005 | 20200930070451.0 | ||
| 008 | 110907s1875 xxuac 000 0 eng d | ||
| 040 |
_aDO-SdBNP _bspa _cBNPHU |
||
| 082 |
_axxx _bA131t |
||
| 100 | 1 |
_aAbbott, John S. C. _959162 |
|
| 245 | 1 | 0 |
_aThe life of Christopher Columbus / _cJohn S. C. Abbott. |
| 260 |
_aNew York : _bDodd, Mead & Company, _c1875. |
||
| 300 |
_a345 p. : _bil., retr. ; _c21 cm. |
||
| 999 |
_c33209 _d33209 |
||